Przystanki tramwajowe w Krakowie - Statystyki

Ogólne statystyki
  • Ten quiz został rozwiązany 2 137 razy
    171 od ostatniego zresetowania
  • Średni wynik to 80 z 170
Statystyki odpowiedzi
Nazwa przystanku % Poprawnych
Teatr Bagatela
81%
Rondo Mogilskie
79%
Teatr Słowackiego
78%
Bronowice
77%
Rondo Grzegórzeckie
76%
Wawel
76%
Poczta Główna
72%
Lubicz
71%
Rondo Grunwaldzkie
71%
Nowy Bieżanów P+R
70%
Plac Wszystkich Świętych
70%
Stary Kleparz
70%
Korona
69%
Plac Inwalidów
69%
Rondo Matecznego
69%
Stradom
69%
Czerwone Maki P+R
66%
Filharmonia
66%
Nowy Kleparz
66%
Starowiślna
66%
Łagiewniki
65%
Bronowice Małe
64%
Rondo Czyżyńskie
64%
UJ/AST
64%
Dworzec Główny Zachód
63%
Św. Gertrudy
63%
Borek Fałęcki
62%
Kurdwanów P+R
62%
Mały Płaszów P+R
62%
Prokocim
62%
Salwator
62%
Zajezdnia Nowa Huta
62%
Krowodrza Górka P+R
60%
TAURON Arena Kraków al. Pokoju
60%
TAURON Arena Kraków Wieczysta
60%
Dworzec Główny Tunel
59%
Jubilat
59%
Muzeum Narodowe
59%
Plac Bohaterów Getta
59%
Politechnika
59%
Hala Targowa
58%
Podgórze SKA
58%
Cichy Kącik
57%
Kabel
57%
Teatr Variété
57%
AWF/PK
56%
Miodowa
56%
Szwedzka
56%
Wesele
56%
Bronowice SKA
55%
Plac Centralny im. R. Reagana
55%
Stefana Batorego
55%
Białucha
53%
Biprostal
53%
Cmentarz Rakowicki
53%
Dworzec Towarowy
53%
Kapelanka
53%
Rondo Kocmyrzowskie im. Ks. Gorzelnego
53%
Szpital Narutowicza
53%
Czyżyny
52%
Dauna
52%
Plac Wolnica
52%
Rondo 308. Dywizjonu
52%
Solvay
52%
Bieżanowska
51%
Kampus UJ
51%
Nullo
51%
Orzeszkowej
51%
Os. Piastów
51%
Pleszów
51%
Św. Wawrzyńca
51%
Urzędnicza
51%
Kombinat
50%
Norymberska
50%
Park Jordana
50%
Pędzichów
50%
Rondo Hipokratesa
50%
UKEN
50%
Zabłocie
50%
Grota-Roweckiego
49%
Bratysławska
48%
Cmentarz Podgórski
48%
Łagiewniki ZUS
48%
Meksyk
48%
Ruczaj
48%
Smolki
48%
Cystersów
47%
Dąbie
47%
Kopiec Wandy
47%
Mistrzejowice
47%
Prokocim Szpital
47%
Głowackiego
45%
Stella-Sawickiego
45%
Teatr Ludowy
45%
Witosa
45%
Wzgórza Krzesławickie
45%
Kobierzyńska
44%
Łagiewniki SKA
44%
DH Wanda
43%
Limanowskiego
43%
Lipińskiego
43%
Lipska
43%
Os. Kolorowe
43%
Borsucza
42%
Fabryczna
42%
Koksochemia
42%
Nowosądecka
42%
Sanktuarium Bożego Miłosierdzia
42%
Słomiana
42%
Muzeum Lotnictwa
41%
Ofiar Dąbia
41%
Ogród Doświadczeń
41%
Bieńczycka
40%
Jarzębiny
40%
Teligi
40%
Brama nr 4
38%
Brama nr 5
38%
Brożka
38%
Dworcowa
38%
Dworzec Płaszów Estakada
38%
Miśnieńska
38%
Reymana
38%
Rzemieślnicza
38%
Chmieleniec
37%
Kuklińskiego
37%
Nowy Prokocim
37%
Papierni Prądnickich
37%
Klimeckiego
36%
Piaski Nowe
36%
Uniwersytet Ekonomiczny
36%
Elektromontaż
35%
Komorowskiego
35%
Wlotowa
35%
Górka Narodowa P+R
34%
Oleandry
34%
Turowicza
34%
Gałczyńskiego
33%
Kościuszkowców
33%
Os. Na Skarpie
33%
Os. Złotego Wieku
33%
Zalew nowohucki
33%
Bardosa
31%
Ćwiklińskiej
31%
Fort Mogiła
31%
Klasztorna
31%
Kleeberga
31%
Rzebika
31%
Darwina
30%
Piasta Kołodzieja
30%
Białoprądnicka
29%
Bociana
29%
Gromadzka
29%
Kuźnicy Kołłątajowskiej
29%
Os. Zgody
29%
Struga
29%
Dunikowskiego
28%
Muzeum Fotografii
28%
Rondo Piastowskie
28%
Suche Stawy
28%
Wańkowicza
28%
Giedroycia
27%
Cienista
26%
Siewna Wiadukt
26%
Grodzki Urząd Pracy
24%
Górnickiego
22%
Pachońskiego P+R
21%
Agencja Kraków Wschód
19%
Walcownia
13%
Blokowa
12%
Mrozowa
12%
Nie znaleziono quizów pasujących do podanych kryteriów
Rozkład punktacji
Procent ludzi z każdym wynikiem
Percentyl według liczby udzielonych odpowiedzi
Twoja historia wyników
Nie rozwiązałeś tego quizu od ostatniego zresetowania